00781nas a2200301 4500000000100000008004100001260001600042653002300058653001300081653001600094653002000110653002000130653001100150653003000161653002300191653003400214653003700248653001200285653002600297653001500323653002900338100001100367700001700378245005200395300001100447490000700458022001400465 1973 d c1973 May 1810aAntibody Formation10aAntigens10aCandidiasis10aChronic Disease10aHodgkin Disease10aHumans10aHypersensitivity, Delayed10aImmunity, Cellular10aImmunity, Maternally-Acquired10aImmunologic Deficiency Syndromes10aleprosy10aLymphocyte Activation10aSkin Tests10aWiskott-Aldrich Syndrome1 aMutz I1 aHumphrey G B00a[Clinical significance of the transfer factor]. a357-600 v85 a0043-5325